000
00296nam a2200121Ia 4500
008
190216s9999||||xx |||||||||||||| ||und||
100
_a
James E Huheey
245
0
_a
Inorganic Chemistry
260
_b
Harper International Std
_c
1983
300
_a
1-9p
650
_a
Chemistry-Chemistry
942
_c
BK
999
_c
2571
_d
2571